000 00386nam a22001217a 4500
999 _c180
_d180
005 20200811165340.0
008 200810b ||||| |||| 00| 0 eng d
020 _a0333347579
040 _cCML
245 _aPressure Politics in Industrial Societies.
_cBall, A.R & Millard, F.
260 _aLondon
_bMacmillan Education Ltd
_c1986
942 _2ddc
_cBK
_e1st Edition
_h322
_mBAL